00393nam a22001217a 4500008004100000082001200041100001900053245007100072260001700143502006800160650002400228650001900252200303b xxu||||| |||| 00| 0 eng d aCD16416 aYaadav, Rajdeb aMaadhyamik tahamaa gunastariya shikshako lagi Shikshak byabathapan aSirahac2074 aThesisbDegree in E.P.M.cSuryanarayan sha. mo. yaa. Ba Campus. aSecondary education aTeachers guide